000 00704cab a2200229 4500
001 WB2404-30
008 090401t1988 xxu||||| |||| 00| 0 eng d
035 _a(Sirsi) u18555
041 _aeng
245 _aSingle asset property schemes
260 _c1988
350 _a0
490 _aFinancial Times
_v22/1/88 p10
520 _aDiscusses the various regulations from the Department of Trade and Industry , the Securities and Investments Board and the Stock Exchange listing requirements for single asset property vehicles.
650 _aPINCS
650 _aSAPCOS
650 _aSPOTS
650 _aUNITISATION
690 _aPROPERTY LAW AND PRACTICE
942 _n0
948 _c04/03/1997
999 _c12343
_d12343